000 00502nam a2200205Ia 4500
003 OSt
005 20230614101900.0
008 210423s2009 xx 000 0 und d
020 _a9788181478504
040 _cAL
041 _aeng
082 _a612.01
_223
_bKHUI
100 _aKHURANA (Indu).
_9100214
245 _aTextbook of medical physiology.
260 _aNoida
_bElsevier India
_c2009
300 _axvi,1311
365 _b895
_cINR
906 _amedical ; physiology.
942 _2ddc
_cBK
999 _c163917
_d163917